Austria First Level Subdivisions - Statistics

General Stats
  • This quiz has been taken 616 times
  • The average score is 7 of 9
Answer Stats
Bundesländer % Correct
Vienna
95%
Lower Austria
81%
Salzburg
80%
Upper Austria
79%
Tyrol
78%
Burgenland
65%
Styria
63%
Carinthia
58%
Vorarlberg
58%
No matching quizzes found
Score Distribution
Percent of People with Each Score
Percentile by Number Answered
Your Score History
You have not taken this quiz